Hóa học phân tích 1 Cân bằng ion trong dung dịch
Сохранить в:
| Главный автор: | |
|---|---|
| Формат: | |
| Опубликовано: |
H.
ĐH Sư phạm
2005
|
| Предметы: | |
| Метки: |
Добавить метку
Нет меток, Требуется 1-ая метка записи!
|
| Thư viện lưu trữ: | Trung tâm Học liệu Lê Vũ Hùng, Trường Đại học Đồng Tháp |
|---|
| LEADER | 02089pam a22002538a 4500 | ||
|---|---|---|---|
| 001 | 00020396 | ||
| 005 | 20171026081023.0 | ||
| 008 | 110517s2005 ||||||Viesd | ||
| 041 | 0 | # | |a Vie |
| 082 | 1 | 4 | |a 543.071 |b H401H |
| 100 | 0 | # | |a Nguyễn Tinh Dung |
| 245 | 0 | 0 | |a Hóa học phân tích 1 |b Cân bằng ion trong dung dịch |c Nguyễn Tinh Dung |
| 260 | # | # | |a H. |b ĐH Sư phạm |c 2005 |
| 300 | # | # | |a 324 tr. |c 24 tr. |
| 500 | # | # | |a Bộ GD & ĐT. Dự án đào tạo giáo viên THCS |
| 650 | # | 4 | |a Hóa học |
| 650 | # | 4 | |a Hóa phân tích |
| 653 | # | # | |a Cân bằng ion |
| 852 | # | # | |b Kho giáo trình |j KGT.0007051, KGT.0007052, KGT.0007053, KGT.0007054, KGT.0007055, KGT.0007056, KGT.0007057, KGT.0007058, KGT.0007059, KGT.0007060, KGT.0007061, KGT.0007062, KGT.0007063, KGT.0007064, KGT.0007065, KGT.0007066, KGT.0007067, KGT.0007068, KGT.0007069, KGT.0007070, KGT.0007071, KGT.0007072, KGT.0007073, KGT.0007074, KGT.0007075, KGT.0007076, KGT.0007077, KGT.0007078, KGT.0007079, KGT.0007080, KGT.0007081, KGT.0007082, KGT.0007083, KGT.0007084, KGT.0007085, KGT.0007086, KGT.0007087, KGT.0007088, KGT.0007089, KGT.0007090, KGT.0007091, KGT.0007092, KGT.0007093, KGT.0007094, KGT.0007095, KGT.0032775, KGT.0033402 |
| 852 | # | # | |b Kho mượn |j KGT.0033402 |
| 852 | # | # | |b Kho đọc |j KD.0005899 |
| 852 | # | # | |j KD.0005899 |j KGT.0007095 |j KGT.0007054 |j KGT.0007055 |j KGT.0007056 |j KGT.0007057 |j KGT.0007059 |j KGT.0007060 |j KGT.0007062 |j KGT.0007063 |j KGT.0007065 |j KGT.0007066 |j KGT.0007068 |j KGT.0007069 |j KGT.0007071 |j KGT.0007072 |j KGT.0007074 |j KGT.0007075 |j KGT.0007077 |j KGT.0007078 |j KGT.0007080 |j KGT.0007081 |j KGT.0007083 |j KGT.0007084 |j KGT.0007086 |j KGT.0007087 |j KGT.0007089 |j KGT.0007090 |j KGT.0007092 |j KGT.0007093 |j KGT.0007051 |j KGT.0049183 |j KGT.0007052 |j KGT.0007053 |j KGT.0007058 |j KGT.0007061 |j KGT.0007064 |j KGT.0007067 |j KGT.0007070 |j KGT.0007073 |j KGT.0007076 |j KGT.0007079 |j KGT.0007082 |j KGT.0007085 |j KGT.0007088 |j KGT.0007091 |j KGT.0007094 |j KGT.0032775 |j KGT.0033402 |
| 910 | 0 | # | |a nhnam |d 17/05/2011 |
| 980 | # | # | |a Trung tâm Học liệu Lê Vũ Hùng, Trường Đại học Đồng Tháp |